Т. 97, № 1; Теоретическая и математическая физика

التفاصيل البيبلوغرافية
Parent link:Теоретическая и математическая физика: научный журнал/ Российская академия наук (РАН). Т. 97, № 1.— , 1969-.— 0564-6162
اللغة:الروسية
منشور في: 1993
التنسيق: كتاب
KOHA link:https://koha.lib.tpu.ru/cgi-bin/koha/opac-detail.pl?biblionumber=526003

MARC

LEADER 00000nam2a2200000 4500
001 526003
005 20231101111548.0
035 |a (RuTPU)RU\TPU\prd\208892 
035 |a RU\TPU\prd\208890 
090 |a 526003 
100 |a 20131224a19939999k y0rusy50 ca 
101 0 |a rus 
102 |a RU 
200 0 |a Т. 97, № 1 
210 |d 1993 
461 1 |0 (RuTPU)RU\TPU\prd\1730  |x 0564-6162  |t Теоретическая и математическая физика  |o научный журнал  |f Российская академия наук (РАН)  |v Т. 97, № 1  |d 1969- 
801 0 |a RU  |b 63413507  |c 20010227  |g PSBO 
801 1 |a RU  |b 63413507  |c 20040920  |g PSBO 
801 2 |a RU  |b 63413507  |c 20131224  |g PSBO 
942 |c BK 
999 |a НТБ_ТПУ  |b НФ  |e -4/20130109  |p П-7280  |u 0,00  |v 1